Conflict management in Federal water resource planning /

Bibliographic Details
Corporate Authors: Colorado. University. Institute of Behavioral Science, United States. Office of Water Research and Technology
Other Authors: Lord, William B.
Format: Book
Language:English
Published: [Boulder] : Institute of Behavioral Science, University of Colorado, 1979.
Series:Monograph - Program on Technology, Environment, and Man ; #28
Subjects:

MARC

Tag First Indicator Second Indicator Subfields
LEADER 00000cam a2200000 i 4500
001 in00000060397
005 20151007082600.0
008 791031s1979 coua b 00000 eng
010 |a  79083702  
035 |a (OCoLC)05727255 
035 |9 AAF8097AM 
040 |a DLC  |c DLC  |d OCL  |d TXA  |d UtOrBLW 
043 |a n-us--- 
049 |a TXAM  |c [1383165] 
050 0 0 |a HD1694.A5  |b C64 
082 0 |a 333.9/1/00973 
245 0 0 |a Conflict management in Federal water resource planning /  |c William B. Lord [and others]. 
264 1 |a [Boulder] :  |b Institute of Behavioral Science, University of Colorado,  |c 1979. 
300 |a vii, 114 pages :  |b illustrations ;  |c 23 cm. 
336 |a text  |b txt  |2 rdacontent 
337 |a unmediated  |b n  |2 rdamedia 
338 |a volume  |b nc  |2 rdacarrier 
490 1 |a Monograph - Program on Technology, Environment, and Man ; #28 
500 |a Prepared for the Office of Water Research and Technology, U.S. Department of the Interior. 
504 |a Bibliography: pages 109-114. 
650 0 |a Water resources development  |x Planning  |z United States. 
700 1 |a Lord, William B. 
710 1 |a Colorado.  |b University.  |b Institute of Behavioral Science. 
710 1 |a United States.  |b Office of Water Research and Technology. 
810 1 |a Colorado.  |b University.  |b Program on Technology, Environment, and Man.  |t Monograph - Program on Technology, Environment, and Man, University of Colorado ;  |v no. 28. 
999 |a MARS 
999 f f |s edcb90b0-28fb-34dd-bd4f-dce42cc87d39  |i 1f37e20e-8809-3fc7-bc7e-ed9bc97139fb  |t 0 
952 f f |p ric  |a Texas A&M University  |b Rellis Campus  |c Joint Library Facility  |d Remote Storage  |t 0  |e HD1694.A5 C64  |h Library of Congress classification  |i unmediated -- volume  |m A14802658092 
998 f f |a HD1694.A5 C64  |t 0  |l Remote Storage